00242nam a2200085Ia 4500008004100000100002600041245001400067260005600081300001900137180205s9999 xx 000 0 und d aPayawal, Pacifico, C. aBiology / aManila, PhilippinesbAcademe publishing housec1992 aiii, 636 pages